000 01007cam a2200289 4500
008 1991
020 _a0419137807
035 _a(Sirsi) u53467
041 _aeng
050 _a333.332
100 _aScarrett, Douglas
245 _aProperty valuation: the five methods
260 _aLondon
_bE. & F.N. Spon
_c1991
300 _aviii,232p. ; 24cm.
350 _a14.95
520 _aAn introductory text on property valuation with a clear, well-defined structure based around the five valuation methods: the comparative method; the investment method; the profits method; the contractors method; and the residual method.
520 _aSuperseded by the second edition (ISBN 9780415423267).
650 _aCOMPARATIVE METHOD
650 _aCONTRACTORS PRINCIPLE
650 _aINVESTMENT METHOD
650 _aPROFITS METHOD
650 _aRESIDUAL METHOD
650 _aValuation
_96273
690 _aRATING AND VALUATION
942 _n0
948 _c04/03/1997
999 _c93274
_d93274